The adventure of being a wife / (Record no. 6073)

MARC details
000 -LEADER
fixed length control field 00574nam a22001937a 4500
003 - CONTROL NUMBER IDENTIFIER
control field GBCCL
005 - DATE AND TIME OF LATEST TRANSACTION
control field 20241126110555.0
008 - FIXED-LENGTH DATA ELEMENTS--GENERAL INFORMATION
fixed length control field 180430b ||||| |||| 00| 0 eng d
020 ## - INTERNATIONAL STANDARD BOOK NUMBER
International Standard Book Number 0130139467
040 ## - CATALOGING SOURCE
Transcribing agency gbc
082 ## - DEWEY DECIMAL CLASSIFICATION NUMBER
Classification number 248.8435
Item number PEA
100 ## - MAIN ENTRY--PERSONAL NAME
Personal name Peale, Norman Vincent
9 (RLIN) 6898
245 ## - TITLE STATEMENT
Title The adventure of being a wife /
Statement of responsibility, etc. Norman Vincent
260 ## - PUBLICATION, DISTRIBUTION, ETC.
Place of publication, distribution, etc. New Jersey:
Name of publisher, distributor, etc. Pentice-Hall, Inc.,
Date of publication, distribution, etc. 1971
300 ## - PHYSICAL DESCRIPTION
Extent 266 p.;
Dimensions 21 cm.
650 ## - SUBJECT ADDED ENTRY--TOPICAL TERM
Topical term or geographic name entry element Marriage
Form subdivision Religious aspects
General subdivision Christianity
9 (RLIN) 7239
650 ## - SUBJECT ADDED ENTRY--TOPICAL TERM
Topical term or geographic name entry element Wife
Form subdivision Religious aspects
General subdivision Christianity
9 (RLIN) 10937
942 ## - ADDED ENTRY ELEMENTS (KOHA)
Source of classification or shelving scheme Dewey Decimal Classification
Koha item type Books
Holdings
Withdrawn status Lost status Source of classification or shelving scheme Damaged status Not for loan Home library Current Library Shelving location Date acquired Total checkouts Full call number Barcode Date last seen Copy number Price effective from Koha item type
    Dewey Decimal Classification     GRACE BIBLE COLLEGE GRACE BIBLE COLLEGE Ministry & Mission 2018-04-30   248.8435 PEA 006575 2025-05-01 c.1 2018-04-30 Books
    Dewey Decimal Classification     GRACE BIBLE COLLEGE GRACE BIBLE COLLEGE Ministry & Mission 2018-05-15   248.8435 PEA 006944 2025-05-01 c.2 2018-05-15 Books
© Grace Bible College Library 2025